000108838 001__ 108838 000108838 005__ 20211216104756.0 000108838 037__ $$aTAZ-TFG-2021-3886 000108838 041__ $$aspa 000108838 1001_ $$aPeña Rodríguez, Malena 000108838 24200 $$aShyness in educational and social sphere 000108838 24500 $$aLa timidez en el ámbito educativo y social 000108838 260__ $$aZaragoza$$bUniversidad de Zaragoza$$c2021 000108838 506__ $$aby-nc-sa$$bCreative Commons$$c3.0$$uhttp://creativecommons.org/licenses/by-nc-sa/3.0/ 000108838 520__ $$aEste trabajo consiste en analizar la influencia de la conducta de timidez en el ámbito educativo y social. Originado por la cantidad de individuos tímidos que se encuentran en nuestra sociedad y las dificultades a las que se exponen diariamente. Para ello, se ha llevado a cabo un estudio cualitativo y como instrumento se ha utilizado la entrevista. La muestra se compuso de 18 participantes. Los resultados obtenidos muestran que la timidez es un problema real en nuestra sociedad, y se ve afectada por el entorno del individuo y puede corregirse aportando estrategias adecuadas. La mayoría de los entrevistados piensan que se trata de un tema que afecta al ámbito personal, laboral y social, por lo que lo mejor es abordar este comportamiento en la escuela y brindar a todos los niños las estrategias necesarias para prevenir o reducir este comportamiento. En definitiva, cabe señalar que este comportamiento tiene un alto grado de influencia en el lenguaje, desarrollo social, emocional y personal de las personas afectadas por él, por lo que es urgente iniciar el tratamiento de este problema en la etapa de educación infantil. <br /><br /> 000108838 521__ $$aGraduado en Magisterio en Educación Primaria 000108838 540__ $$aDerechos regulados por licencia Creative Commons 000108838 700__ $$aSierra Sánchez, Verónica$$edir. 000108838 700__ $$aLatorre Cosculluela, Cecilia$$edir. 000108838 7102_ $$aUniversidad de Zaragoza$$b $$c 000108838 8560_ $$f755917@unizar.es 000108838 8564_ $$s526722$$uhttps://zaguan.unizar.es/record/108838/files/TAZ-TFG-2021-3886.pdf$$yMemoria (spa) 000108838 909CO $$ooai:zaguan.unizar.es:108838$$pdriver$$ptrabajos-fin-grado 000108838 950__ $$a 000108838 951__ $$adeposita:2021-12-16 000108838 980__ $$aTAZ$$bTFG$$cFCHE 000108838 999__ $$a20210922182705.CREATION_DATE